Ethics for Psychologists: a casebook approach (Record no. 31416)

MARC details
000 -LEADER
fixed length control field 00807nam a2200205 a 4500
008 - FIXED-LENGTH DATA ELEMENTS--GENERAL INFORMATION
fixed length control field 130516s2012 ||||||||||||||||| || u
020 ## - INTERNATIONAL STANDARD BOOK NUMBER
International Standard Book Number 9781412978217
050 ## - LIBRARY OF CONGRESS CALL NUMBER
Classification number BF 76.4 Eth
100 ## - MAIN ENTRY--PERSONAL NAME
Personal name Tien, Liang
245 10 - TITLE STATEMENT
Title Ethics for Psychologists: a casebook approach
Statement of responsibility, etc. by Liang Tien (and others)
260 ## - PUBLICATION, DISTRIBUTION, ETC.
Place of publication, distribution, etc. London:
Name of publisher, distributor, etc. SAGE Publications
Date of publication, distribution, etc. 2012
300 ## - PHYSICAL DESCRIPTION
Extent xvi, 551p.
500 ## - GENERAL NOTE
General note SCHOOL OF MEDICINE
650 ## - SUBJECT ADDED ENTRY--TOPICAL TERM
Topical term or geographic name entry element PSYCHOLOGY--MORAL AND ETHICAL ASPECTS--CASE STUDIES
650 ## - SUBJECT ADDED ENTRY--TOPICAL TERM
Topical term or geographic name entry element PSYCHOLOGISTS--PROFESSIONAL ETHICS--CASE STUDIES
700 ## - ADDED ENTRY--PERSONAL NAME
Personal name Benjamin, G. Andrew H
700 ## - ADDED ENTRY--PERSONAL NAME
Personal name Davis, Amy
700 ## - ADDED ENTRY--PERSONAL NAME
Personal name Arnold, Thomas H
995 ## -
-- MEDICAL LIBRARY OPEN ACCESS
-- 902043
-- CBU-SCHOOL OF MEDICINE LIBRARY (Ndola)
-- BF 76.4 Eth
-- 1
-- AVAILABLE
-- May 17, 2013
-- 902043
-- Medical Library Open Access Collection
999 ## -
-- 31416
-- 31416
Holdings
Withdrawn status Lost status Source of classification or shelving scheme Damaged status Not for loan Permanent Location Current Location Shelving location Date acquired Total Checkouts Full call number Barcode Date last seen Price effective from Koha item type
          CBU-SCHOOL OF MEDICINE LIBRARY, NDOLA. CBU-SCHOOL OF MEDICINE LIBRARY, NDOLA.   11/30/2022   BF 76.4 Eth 902043 11/30/2022 11/30/2022 MONOGRAPH